| 000 | 00000nam##2200000za#4500 |
| 001 | 9.688512 |
| 003 | CaOODSP |
| 005 | 20210624231447 |
| 007 | cr ||||||||||| |
| 008 | 150407|1998||||xxc|||||o f|0| 0 eng|d |
| 040 | |aCaOODSP|beng |
| 043 | |an-cn--- |
| 086 | 1 |aSW21-32/1998E-PDF |
| 110 | 1 |aCanada. |bStatus of Women Canada. |
| 245 | 10|aWomen and the equality deficit : |h[electronic resource]|bthe impact of restructuring Canada's social programs / |c[by] Shelagh Day and Gwen Brodsky. |
| 260 | |aOttawa - Ontario : |bStatus of Women Canada |c1998. |
| 300 | |a222p. |
| 500 | |aContents: Chapter one: From CAP to the CHST: The losses: The larger frame; National social programs and fiscal federalism; the impact of the Budget Implementation Act.--Chapter two: Women's equality: the Normative commitment: International human rights commitments; Domestic human rights commitments.--Chapter three: The Arguments of the opposition: Overview of the cases; Pushing the social and economic dimensions of inequality outside the equality frame; Breaking the linkage between inequality and equality rights.--Resisting the disconnection of equality rights from de facto social and economic inequality.--Chapter four: the BIA, Canada's treaty obligations, and the Charter's equality rights guarantees: The implications of treaty commitments; Canada's compliance with international commitments; Interpreting Section 15 of the Charter; The BIA violates women's equality rights under the Charter.--Chapter four: New directions: Courts and equality rights; International instruments and fora; A post-Beijing Commission on Women's Equality; The future of social programs and "national" standards. |
| 504 | |aBibliography. |
| 590 | |a06-10-Supp|b2006-12-15 |
| 690 | 07|aGender equality|2gcpds |
| 690 | 07|aSocial programs|2gcpds |
| 690 | 07|aWomen|2gcpds |
| 690 | 07|aEqual opportunities|2gcpds |
| 720 | 1 |aBrodsky, Gwen |
| 720 | 1 |aDay, Shelagh |
| 775 | 08|tLes femmes et le déficit en matière d'égalité : |w(CaOODSP)9.632938 |
| 776 | 0#|tWomen and the equality deficit : |w(CaOODSP)9.646930 |
| 856 | 40|ahttp://publications.gc.ca|qPDF|s29 KB|uhttps://publications.gc.ca/collections/Collection/SW21-32-1998E-1.pdf |
| 856 | 40|ahttp://publications.gc.ca|qPDF|s183 KB|uhttps://publications.gc.ca/collections/Collection/SW21-32-1998E-2.pdf |
| 856 | 40|ahttp://publications.gc.ca|qPDF|s175 KB|uhttps://publications.gc.ca/collections/Collection/SW21-32-1998E-3.pdf |
| 856 | 40|ahttp://publications.gc.ca|qPDF|s164 KB|uhttps://publications.gc.ca/collections/Collection/SW21-32-1998E-4.pdf |
| 856 | 40|ahttp://publications.gc.ca|qPDF|s146 KB|uhttps://publications.gc.ca/collections/Collection/SW21-32-1998E-5.pdf |
| 856 | 40|ahttp://publications.gc.ca|qPDF|s93 KB|uhttps://publications.gc.ca/collections/Collection/SW21-32-1998E-6.pdf |
| 856 | 40|ahttp://publications.gc.ca|qPDF|s155 KB|uhttps://publications.gc.ca/collections/Collection/SW21-32-1998E-7.pdf |